[Event "Molde Rosecupen B"]
[Site "Molde"]
[Date "2019.06.16"]
[Round "6"]
[White "Tylden, Johannes"]
[Black "Brastad, Kay Robert"]
[Result "1/2-1/2"]
[WhiteElo "1386"]
[BlackElo "1271"]
[PlyCount "75"]
[EventDate "2019.06.15"]
[EventType "swiss"]
[EventRounds "6"]
[EventCountry "NOR"]
[SourceTitle "EXT 2024"]
[Source "ChessBase"]
[SourceDate "2023.10.10"]
[SourceVersion "1"]
[SourceVersionDate "2023.10.10"]
[SourceQuality "1"]

1. e4 e5 2. Nf3 Nc6 3. Nc3 Bc5 4. Bc4 h6 5. 0-0 Nf6 6. d3 0-0 7. Be3 b6 8. Bxc5 bxc5 9. Bd5 Nxd5 10. exd5 Ne7 11. Nxe5 d6 12. Nc4 Bb7 13. Ne3 Qd7 14. Re1 f5 15. f4 Ng6 16. Qf3 Qf7 17. Nc4 Rae8 18. Ne3 Ne7 19. Nb5 Nc8 20. c4 Re7 21. Re2 Rfe8 22. Rae1 a6 23. Nc3 Qf6 24. Nc2 Nb6 25. Rxe7 Rxe7 26. Rxe7 Qxe7 27. Qe2 Qf8 28. Qe6+ Kh8 29. Qg6 Nc8 30. Qg3 Ne7 31. Qe3 Bc8 32. d4 cxd4 33. Nxd4 Ng6 34. Nc6 Kg8 35. b4 Bd7 36. Nd4 Qa8 37. Ne6 c6 38. h3 1/2-1/2

[Event "Molde Rosecupen B"]
[Site "Molde"]
[Date "2019.06.15"]
[Round "4"]
[White "Eidet, Leo Moen"]
[Black "Tylden, Johannes"]
[Result "1/2-1/2"]
[WhiteElo "1400"]
[BlackElo "1386"]
[PlyCount "90"]
[EventDate "2019.06.15"]
[EventType "swiss"]
[EventRounds "6"]
[EventCountry "NOR"]
[SourceTitle "EXT 2024"]
[Source "ChessBase"]
[SourceDate "2023.10.10"]
[SourceVersion "1"]
[SourceVersionDate "2023.10.10"]
[SourceQuality "1"]

1. e4 e6 2. d4 d5 3. Nd2 Nf6 4. e5 Nfd7 5. Ngf3 c5 6. c3 Nc6 7. Bb5 Qb6 8. Bxc6 bxc6 9. 0-0 cxd4 10. cxd4 c5 11. dxc5 Bxc5 12. a3 a5 13. Nb3 0-0 14. Nxc5 Qxc5 15. Be3 Qe7 16. Rc1 Ba6 17. Re1 Rfc8 18. Qd2 Qd8 19. h4 Rxc1 20. Rxc1 Rc8 21. Bg5 Rxc1+ 22. Qxc1 Qc8 23. Qxc8+ Bxc8 24. Be3 f6 25. Bd4 Nxe5 26. Nxe5 fxe5 27. Bxe5 a4 28. f4 h5 29. Kf2 Kf7 30. Kf3 g6 31. Ke3 Ba6 32. Kd4 Bc4 33. Ke3 Ba6 34. Kf3 Bc8 35. g4 hxg4+ 36. Kxg4 Bd7 37. Kg5 Bc8 38. h5 gxh5 39. Kxh5 Bd7 40. Kg4 Bc8 41. Kf3 Bd7 42. Ke3 Bb5 43. Kd4 Bc4 44. Kc5 Bb3 45. Kb4 Kg6 1/2-1/2